| 000 | 00992cab a2200241 4500 | ||
|---|---|---|---|
| 001 | ABS56142 | ||
| 008 | 090401t1996 xxu||||| |||| 00| 0 eng d | ||
| 035 | _a(Sirsi) u21545 | ||
| 041 | _aeng | ||
| 100 | _aDancaster, C. | ||
| 245 | _aAdjudication in the industry | ||
| 260 | _c1996 | ||
| 350 | _a0 | ||
| 490 |
_aCSM (Chartered Surveyor Monthly) _v6(3) November/December 1996, 32-33(2) |
||
| 520 | _aReviews the adjudication process through the relevant sections of the Housing Grants, Construction and Regeneration Act 1996. | ||
| 650 | _aMANAGEMENT-DISPUTE AVOIDANCE, MANAGEMENT AND RESOLUTION-DISPUTE MANAGEMENT AND RESOLUTION-ALTERNATIVE DISPUTE RESOLUTION-ADJUDICATION | ||
| 650 | _aALTERNATIVE DISPUTE RESOLUTION | ||
| 650 | _aCONSTRUCTION DISPUTES | ||
| 650 | _aHOUSING GRANTS CONSTRUCTION AND REGENERATION ACT 1996 | ||
| 690 | _aMANAGEMENT-DISPUTE AVOIDANCE, MANAGEMENT AND RESOLUTION-DISPUTE MANAGEMENT AND RESOLUTION-ARBITRATION | ||
| 942 | _n0 | ||
| 948 | _c04/03/1997 | ||
| 999 |
_c14462 _d14462 |
||